| 000 | 00823cam a22002655a 4500 | ||
|---|---|---|---|
| 001 | L157484 | ||
| 008 | 121219s2012 xxk f 000 0 eng d | ||
| 020 | _a9781848062948 | ||
| 035 | _a(Sirsi) u157484 | ||
| 041 | 0 | _aeng | |
| 100 | 1 | _aDunster, Andrew | |
| 100 | 1 | _aQuillin, Keith | |
| 100 | 1 | _aNixon, Philip | |
| 110 | 2 | _aBuilding Research Establishment | |
| 245 | 0 | 0 | _aEffects of chemical, physical and mechanical processes on concrete |
| 260 |
_aGarston, Watford _bBRE _c2012 |
||
| 300 |
_a12p. _bill. _c30cm. |
||
| 490 | 0 |
_aBRE Digest _v527 |
|
| 520 | _aExplores the physical and chemical degredation processes that can affect concrete buildings and infrastructure. | ||
| 521 | _aAdvanced | ||
| 650 | _aCONCRETE | ||
| 651 | 4 |
_aUnited Kingdom _y |
|
| 690 | _aBuilding materials and defects | ||
| 942 | _n0 | ||
| 999 |
_c114790 _d114790 |
||